000
00274nam a22001217a 4500
008
180314b xxu||||| |||| 00| 0 eng d
041
_a
eng
080
_a
7
100
_a
45
101
_a
art
245
_a
the art ancient greece and rome
_c
abrams.h.n
942
_2
udc
_c
BK
999
_c
45066
_d
45066